00989nam a2200229 a 450000100100000000500170001000800410002704000250006808200170009310000460011024501010015626000440025730000380030150001270033960000460046665000270051265000320053970000410057104900090061295201210062199900170074200002467320200930023313.0110202s1966 sp ag r 000 d spa d aDO-SdBNPbspacBNPHU a862.6bB928t1 aBuero Vallejo, Antonio,d1916-200091765710aTeatro selecto de Antonio Buero Vallejo /cAntonio Buero Vallejo; prólogo Luce Moreau-Arrabal. aMadrid, (España) :bEscelicer,c1966. a612 p. :bil., música ;c18 cm. aHistoria de una escalera ; Las cartas boca abajo ; Un soñador para un pueblo ; Las Meninas ; El concierto de San Ovidio.14aBUERO VALLEJO, ANTONIO,d1916-2000917657 4aTeatro español93071 4aLiteratura español9219041 aMoreau-Arrabal, Luceepról.950594 aBNGR 001054708MOaGRbGRcCTd2011-02-02iLF1l0o862.6 B928tp24673-10r2020-06-25w2020-06-25y4ZPréstamo en sala c24166d24166